000 00491nam a2200193Ia 4500
005 20250325054329.0
008 240331s9999 xx 000 0 und d
020 _a0860919226
082 _a302.234
_bFEM
_23567
245 0 _aFemale Spectators:
_bLooking at Film and Television
260 _aLondon;
_aNew York,
_bVerso
_c1988
300 _avii, 199 p.,
650 _aFeminism
650 _aWomen
650 _aFilm Theory
650 _aMedia
700 _aPribram, E. D
_eedt
942 _cL
999 _c1179
_d1179